[Event "Regional Sudeste 2011"]
[Site "Sao Paulo"]
[Date "2011.09.22"]
[Round "3.16"]
[White "Fernandez, Maria Florencia"]
[Black "Silva, Igor Dos Santos"]
[Result "1-0"]
[WhiteElo "2152"]
[BlackElo "1946"]
[PlyCount "45"]
[EventDate "2011.09.22"]

1. d4 Nf6 2. c4 c5 3. d5 e5 4. Nc3 d6 5. e4 Be7 6. f3 O-O 7. Be3 Nbd7 8. g4 Ne8
9. Nge2 Bg5 10. Qd2 Bxe3 11. Qxe3 Qh4+ 12. Ng3 g6 13. O-O-O a6 14. Rg1 Ng7 15.
Bd3 Re8 16. Rd2 Nf8 17. Rdg2 Bd7 18. Nf5 Qf6 19. Nh6+ Kh8 20. g5 Qe7 21. f4 f5
22. fxe5 fxe4 23. exd6 1-0

[Event "Regional Sudeste 2011"]
[Site "Sao Paulo"]
[Date "2011.09.22"]
[Round "3.17"]
[White "Van Riemsdijk, Dirk D"]
[Black "Cruz, Cesar Fernando Dos"]
[Result "1-0"]
[WhiteElo "2132"]
[BlackElo "1823"]
[PlyCount "49"]
[EventDate "2011.09.22"]

1. e4 c5 2. c3 d6 3. d4 cxd4 4. cxd4 Nf6 5. Nc3 g6 6. Nf3 Bg7 7. h3 O-O 8. Be2
Nc6 9. d5 Na5 10. Be3 b6 11. Rc1 Bd7 12. b4 Nb7 13. O-O Rc8 14. Ba6 Rc7 15. Qd3
Qb8 16. Nd4 Rfc8 17. Ncb5 Rxc1 18. Rxc1 Rxc1+ 19. Bxc1 Bxb5 20. Nxb5 Qc8 21.
Be3 Nc5 22. bxc5 Qxa6 23. c6 Qxa2 24. c7 Qa6 25. Qc4 1-0

[Event "Regional Sudeste 2011"]
[Site "Sao Paulo"]
[Date "2011.09.22"]
[Round "3.18"]
[White "Mello, Andre Barbieri"]
[Black "Deus Filho, Joaquim De"]
[Result "0-1"]
[WhiteElo "1944"]
[BlackElo "2105"]
[PlyCount "68"]
[EventDate "2011.09.22"]

1. e4 c5 2. Nf3 d6 3. d4 cxd4 4. Nxd4 Nf6 5. Nc3 a6 6. Be2 e5 7. Nb3 Be7 8. O-O
Be6 9. f4 Qc7 10. f5 Bc4 11. a4 b6 12. Be3 Nbd7 13. Kh1 h6 14. Qd2 Qc6 15. Bd3
d5 16. exd5 Bxd5 17. Nxd5 Nxd5 18. c4 Nxe3 19. Qxe3 Rc8 20. Nd2 Bg5 21. Qe2
Bxd2 22. Qxd2 O-O 23. b4 Nf6 24. Be2 Rcd8 25. Qe3 Qb7 26. a5 Rd4 27. axb6 Qxb6
28. b5 axb5 29. cxb5 Re8 30. Ra6 Qc5 31. Rc6 Qd5 32. Qc3 Kh7 33. h3 Rd2 34. Bc4
Qxg2# 0-1

[Event "Regional Sudeste 2011"]
[Site "Sao Paulo"]
[Date "2011.09.22"]
[Round "3.19"]
[White "Rezende, Guilherme Vilela"]
[Black "Ferreira, Jonas De Vargas"]
[Result "1/2-1/2"]
[WhiteElo "2060"]
[BlackElo "1794"]
[PlyCount "144"]
[EventDate "2011.09.22"]

1. d4 d5 2. c4 e6 3. Nc3 Nf6 4. Nf3 Be7 5. Bg5 Nbd7 6. e3 O-O 7. c5 c6 8. Bd3
b6 9. b4 a5 10. a3 Ba6 11. O-O Bxd3 12. Qxd3 axb4 13. axb4 b5 14. Nd2 e5 15. f3
Re8 16. Nb3 e4 17. fxe4 Nxe4 18. Rxa8 Qxa8 19. Bxe7 Rxe7 20. Nxe4 Rxe4 21. Na5
Re6 22. Qf5 Qe8 23. h3 Nf6 24. Qf4 Re4 25. Qc7 Re6 26. Rf5 Rxe3 27. Nxc6 Re1+
28. Kh2 Qe3 29. Qb8+ Ne8 30. Ne5 Qg1+ 31. Kg3 Re3+ 32. Rf3 Rxf3+ 33. Nxf3 Qe3
34. Qxb5 h5 35. Qb8 Kh7 36. Qe5 Qxe5+ 37. Nxe5 Nc7 38. Nxf7 Ne6 39. c6 Nc7 40.
Kf4 Kg6 41. Nd6 Kf6 42. Nc8 g5+ 43. Ke3 Kg6 44. g3 Nb5 45. Kd3 Kf5 46. Ne7+ Ke6
47. Ng6 Kf5 48. Ne5 Nd6 49. c7 Nc8 50. b5 Ke6 51. Nf3 Kf5 52. Ne5 Ke6 53. Kc3
Kd6 54. Nf7+ Kxc7 55. Nxg5 Nd6 56. Kb4 Kb6 57. g4 hxg4 58. hxg4 Nxb5 59. Ne6
Nd6 60. g5 Ne8 61. g6 Kc6 62. g7 Nf6 63. Nd8+ Kd7 64. Nf7 Ng8 65. Kc5 Ke6 66.
Ne5 Kf6 67. Kxd5 Kxg7 68. Ke6 Nf6 69. Nd7 Ne4 70. Ke7 Nc3 71. Nb6 Kg6 72. Ke6
Nb5 1/2-1/2

[Event "Regional Sudeste 2011"]
[Site "Sao Paulo"]
[Date "2011.09.22"]
[Round "3.20"]
[White "Jonas, Tiago Filipe Da Sil"]
[Black "Gazola, Vanessa Ramos"]
[Result "0-1"]
[WhiteElo "1836"]
[BlackElo "2054"]
[PlyCount "74"]
[EventDate "2011.09.22"]

1. e4 c5 2. Nf3 a6 3. Nc3 b5 4. d4 cxd4 5. Nxd4 e6 6. a3 Bb7 7. Be2 Nf6 8. e5
Nd5 9. Nxd5 Bxd5 10. Bf3 Bxf3 11. Qxf3 Ra7 12. Bd2 Qc7 13. Qe4 d5 14. Qe2 Nd7
15. Be3 Ra8 16. f4 Rc8 17. O-O Bc5 18. c3 Nb6 19. Nb3 Bxe3+ 20. Qxe3 Nc4 21.
Qe2 O-O 22. Rf3 f6 23. exf6 Rxf6 24. Nd4 Re8 25. b3 Nd6 26. Qe5 Qb6 27. Kh1 h6
28. Re1 Qd8 29. h3 Ne4 30. Kh2 Qd7 31. g4 Qf7 32. Rd1 g5 33. Ne2 Rf8 34. Rfd3
gxf4 35. Nd4 Qg6 36. Rf1 Ng5 37. Rf2 Qe4 0-1

[Event "Regional Sudeste 2011"]
[Site "Sao Paulo"]
[Date "2011.09.22"]
[Round "3.21"]
[White "Caceres, Elton Carlos"]
[Black "Garkauskas, Otto Dmitry"]
[Result "0-1"]
[WhiteElo "1830"]
[BlackElo "2050"]
[PlyCount "134"]
[EventDate "2011.09.22"]

1. e4 c5 2. g3 d5 3. exd5 Qxd5 4. Qf3 Nf6 5. Qxd5 Nxd5 6. c3 Nc6 7. f4 e6 8.
Nf3 a6 9. d3 g6 10. Na3 Bg7 11. Nc2 b5 12. Kf2 Bb7 13. Bg2 O-O 14. Rd1 Rfd8 15.
h3 Rd7 16. d4 Rad8 17. dxc5 Nxc3 18. Rxd7 Ne4+ 19. Ke3 Rxd7 20. Ne5 Nxe5 21.
Bxe4 Nc4+ 22. Kf3 Rd3+ 23. Be3 Nd2+ 24. Ke2 Bxe4 25. Nb4 Rd8 26. Bxd2 a5 27.
Na6 Rc8 28. c6 Rxc6 29. Nb8 Rc8 30. Nd7 Bxb2 31. Rd1 b4 32. Be3 Rc2+ 33. Rd2
Rxd2+ 34. Kxd2 Bc3+ 35. Kc1 Bd5 36. Kb1 a4 37. Nc5 b3 38. axb3 axb3 39. Bc1 Bd4
40. Ba3 Bf2 41. g4 Be3 42. f5 exf5 43. gxf5 Bxc5 44. Bxc5 Be4+ 45. Kb2 Bxf5 46.
Kxb3 Bxh3 47. Kc3 f5 48. Kd4 Kf7 49. Ke3 g5 50. Kf3 Kg6 51. Bd6 f4 52. Ke4 h5
53. Bb8 Bg2+ 54. Kd3 Bf3 55. Kd2 h4 56. Ba7 h3 57. Bg1 g4 58. Ke1 g3 59. Kf1 h2
60. Bxh2 gxh2 61. Kf2 Bc6 62. Kf1 h1=Q+ 63. Kf2 Qg2+ 64. Ke1 f3 65. Kd1 Qe2+
66. Kc1 f2 67. Kb1 f1=Q# 0-1

[Event "Regional Sudeste 2011"]
[Site "Sao Paulo"]
[Date "2011.09.22"]
[Round "3.22"]
[White "Correa, Ariane Miranda"]
[Black "Goncalves, Jorge Roberto"]
[Result "0-1"]
[WhiteElo "1795"]
[BlackElo "2042"]
[PlyCount "73"]
[EventDate "2011.09.22"]

1. e4 c5 2. Nf3 d6 3. d4 cxd4 4. Nxd4 e6 5. Nc3 a6 6. a4 Nf6 7. Be3 Be7 8. Be2
O-O 9. O-O Bd7 10. f4 Nc6 11. Kh1 Rc8 12. Bf3 Qc7 13. Qe1 Na5 14. g4 Nc4 15.
Bc1 e5 16. Nf5 Bxf5 17. gxf5 exf4 18. Rg1 Ne5 19. Qf2 Qc4 20. Qg2 g6 21. Bxf4
Ned7 22. h4 Kh8 23. h5 Rg8 24. hxg6 fxg6 25. Bh6 Bf8 26. Bg5 gxf5 27. exf5 Qb4
28. Nd5 Nxd5 29. Bxd5 Bh6 30. Bxg8 Rxg8 31. Bd2 Qh4+ 32. Qh2 Qe4+ 33. Rg2 Bxd2
34. Rd1 Bf4 35. Qh3 Rg3 36. Qh2 Nf6 37. Rdg1 0-1

[Event "Regional Sudeste 2011"]
[Site "Sao Paulo"]
[Date "2011.09.22"]
[Round "3.25"]
[White "Rodrigues, Nei Jorge"]
[Black "Medeiros, Thauane Ferreira"]
[Result "1-0"]
[WhiteElo "2043"]
[BlackElo "1808"]
[PlyCount "45"]
[EventDate "2011.09.22"]

1. e4 c5 2. Nc3 d6 3. f4 Nc6 4. Nf3 g6 5. Bc4 Bg7 6. d3 e6 7. O-O Nge7 8. Be3
O-O 9. d4 d5 10. exd5 exd5 11. Be2 Nf5 12. Bf2 Nfxd4 13. Nxd4 Nxd4 14. Bd3 c4
15. Bxg6 Ne6 16. Bxh7+ Kxh7 17. Qh5+ Kg8 18. Nxd5 Nc7 19. Ne3 b5 20. c3 Bb7 21.
Nf5 Ne6 22. Bh4 Qd5 23. Ne7# 1-0

[Event "Regional Sudeste 2011"]
[Site "Sao Paulo"]
[Date "2011.09.22"]
[Round "4.1"]
[White "El Debs, Felipe De Cresce"]
[Black "Santiago, Yago De Moura"]
[Result "1-0"]
[WhiteElo "2478"]
[BlackElo "2314"]
[PlyCount "145"]
[EventDate "2011.09.22"]

1. Nf3 d5 2. d4 Nf6 3. c4 e6 4. g3 dxc4 5. Qa4+ Nbd7 6. Bg2 a6 7. Qxc4 b5 8.
Qc6 Rb8 9. Bf4 Nd5 10. Bg5 N5f6 11. Bxf6 gxf6 12. e4 Bc5 13. dxc5 Bb7 14. Qxb7
Rxb7 15. c6 Rb6 16. cxd7+ Qxd7 17. O-O O-O 18. Nc3 c5 19. e5 fxe5 20. Nxe5 Qc7
21. Rfe1 Rd8 22. Re4 Rd4 23. Rae1 Rbd6 24. Nf3 Rxe4 25. Nxe4 Rd8 26. a3 Qe7 27.
Ne5 Rc8 28. Rd1 Rd8 29. Rxd8+ Qxd8 30. Nxc5 Qd4 31. Ned3 a5 32. Bc6 b4 33. axb4
axb4 34. Kf1 Kf8 35. Be4 h6 36. g4 Ke7 37. Kg2 Kf6 38. h4 Ke7 39. Kg3 Qd6+ 40.
Kh3 Qd4 41. Kg2 Qg7 42. Kf3 Qf6+ 43. Kg3 Qd4 44. g5 hxg5 45. hxg5 Qg7 46. Kh4
Qd4 47. Kg3 Qg7 48. Kf4 Qd4 49. Nb3 Qc4 50. Nd2 Qc7+ 51. Ke3 Qa5 52. Nf3 Qb6+
53. Ke2 f5 54. gxf6+ Kxf6 55. Kd2 Qc7 56. Nfe5 Qa5 57. Nc6 Qg5+ 58. Kc2 Qb5 59.
Kb3 Qb7 60. f3 Qb6 61. Ncxb4 Ke7 62. Kc3 Kd6 63. Nc6 Qg1 64. Nce5 Kc7 65. Nc4
Qg7+ 66. Kb4 Qd4 67. Nc5 Qf6 68. Kb5 Qg5 69. b4 Qh5 70. Ka6 Qh6 71. b5 e5+ 72.
b6+ Kb8 73. Nxe5 1-0

[Event "Regional Sudeste 2011"]
[Site "Sao Paulo"]
[Date "2011.09.22"]
[Round "4.2"]
[White "Barbosa, Evandro Amorim"]
[Black "Mendonca, Mateus Nakajo"]
[Result "1-0"]
[WhiteElo "2383"]
[BlackElo "2146"]
[PlyCount "77"]
[EventDate "2011.09.22"]

1. e4 c5 2. Nf3 e6 3. d4 cxd4 4. Nxd4 Nc6 5. Nc3 Qc7 6. g3 a6 7. Bg2 Nf6 8. O-O
Be7 9. Re1 d6 10. Nxc6 bxc6 11. e5 dxe5 12. Rxe5 O-O 13. Bf4 Qb7 14. Na4 Rd8
15. Qf3 Nd5 16. Bd2 Bf6 17. Re4 Bd7 18. Ba5 Rf8 19. c4 Ne7 20. Rd1 Be8 21. Re3
Rb8 22. Rb3 Qa8 23. Bb4 Kh8 24. Bc5 Rg8 25. Nb6 Qb7 26. Nd7 Bxd7 27. Rxb7 Rxb7
28. Bxe7 Bxe7 29. Qxf7 Be8 30. Qxe6 Rc7 31. Be4 Rf8 32. Qe5 Rb7 33. b3 Bf6 34.
Qa5 Re7 35. Qc5 Rff7 36. Bxc6 Rc7 37. Re1 Be7 38. Qd5 Rxc6 39. Qd8 1-0

[Event "Regional Sudeste 2011"]
[Site "Sao Paulo"]
[Date "2011.09.22"]
[Round "4.3"]
[White "Sega, Carlos Alberto"]
[Black "Molina, Roberto Junio Brito"]
[Result "1-0"]
[WhiteElo "2261"]
[BlackElo "2419"]
[PlyCount "115"]
[EventDate "2011.09.22"]

1. c4 c5 2. Nc3 Nc6 3. g3 g6 4. Bg2 Bg7 5. Nf3 d6 6. O-O Nf6 7. d4 cxd4 8. Nxd4
Bd7 9. Nxc6 Bxc6 10. Nd5 O-O 11. Bg5 e6 12. Bxf6 Bxf6 13. Nxf6+ Qxf6 14. Qd2
Bxg2 15. Kxg2 Rac8 16. Rac1 Rfd8 17. b3 Rc7 18. Rfd1 b6 19. e4 Rcd7 20. Qd4 Qg5
21. Rc2 d5 22. cxd5 exd5 23. h4 Qh5 24. e5 Re8 25. Re1 Qf5 26. Rc3 Qe6 27. Rf3
Qc6 28. h5 Qc5 29. Qf4 Qe7 30. hxg6 hxg6 31. g4 Qf8 32. e6 fxe6 33. Rxe6 Qxf4
34. Rxe8+ Kf7 35. Rxf4+ Kxe8 36. Rf6 d4 37. Kf1 d3 38. Ke1 Re7+ 39. Kd2 Re2+
40. Kxd3 Rxa2 41. g5 Rb2 42. Kc3 Re2 43. f4 Re4 44. b4 b5 45. f5 gxf5 46. Rxf5
a6 47. Rf6 Rc4+ 48. Kb3 Rg4 49. g6 Ke7 50. Rxa6 Rg3+ 51. Kc2 Kf8 52. Rb6 Ke7
53. g7 Kf7 54. Rxb5 Ke6 55. Rb7 Kd5 56. b5 Kc4 57. Kd2 Kd4 58. Ke2 1-0

[Event "Regional Sudeste 2011"]
[Site "Sao Paulo"]
[Date "2011.09.22"]
[Round "4.4"]
[White "Campelo, Leandro Fabricio"]
[Black "Santos, Marcus Vinicius More"]
[Result "1/2-1/2"]
[WhiteElo "2230"]
[BlackElo "2341"]
[PlyCount "26"]
[EventDate "2011.09.22"]

1. e4 e5 2. Nf3 Nc6 3. Bb5 f5 4. Nc3 fxe4 5. Nxe4 Nf6 6. Nxf6+ Qxf6 7. Qe2 Be7
8. Bxc6 dxc6 9. Qxe5 Bg4 10. d3 Bxf3 11. Qxf6 Bxf6 12. gxf3 O-O 13. c3 Rae8+
1/2-1/2

[Event "Regional Sudeste 2011"]
[Site "Sao Paulo"]
[Date "2011.09.22"]
[Round "4.5"]
[White "Gerbelli Neto, Eduardo"]
[Black "Terao, Rodrigo Akira"]
[Result "0-1"]
[WhiteElo "2175"]
[BlackElo "2358"]
[PlyCount "60"]
[EventDate "2011.09.22"]

1. e4 c5 2. Nc3 e6 3. f4 a6 4. Nf3 b5 5. d4 cxd4 6. Nxd4 Bb7 7. Bd3 Nf6 8. Qe2
d6 9. a3 Qc7 10. O-O Nbd7 11. Nb3 Be7 12. Bd2 O-O 13. Rae1 Nc5 14. e5 Nfd7 15.
Bxh7+ Kxh7 16. Qh5+ Kg8 17. Re3 f5 18. Nd4 dxe5 19. fxe5 Nxe5 20. Rh3 Bf6 21.
b4 Qd6 22. Be3 Ne4 23. Nxe4 Bxe4 24. Ne2 Ng4 25. Qh7+ Kf7 26. Qh5+ g6 27. Qh7+
Bg7 28. Bc5 Qc6 29. Bd4 e5 30. Rc3 Rh8 0-1

[Event "Regional Sudeste 2011"]
[Site "Sao Paulo"]
[Date "2011.09.22"]
[Round "4.6"]
[White "Tsuboi, Edson Kenji"]
[Black "Van Riemsdijk, Dirk D"]
[Result "1-0"]
[WhiteElo "2350"]
[BlackElo "2132"]
[PlyCount "103"]
[EventDate "2011.09.22"]

1. c4 c5 2. g3 Nf6 3. Bg2 d5 4. cxd5 Nxd5 5. Nf3 Nc6 6. Nc3 Nc7 7. O-O e5 8. a3
f6 9. e3 c4 10. Qa4 Be6 11. d4 cxd3 12. Rd1 Qd7 13. Ne1 O-O-O 14. Rxd3 Qf7 15.
Rxd8+ Nxd8 16. Qxa7 Bb3 17. Na4 Bxa4 18. Qxa4 Bc5 19. Bd2 Qd7 20. Qc2 Kb8 21.
Rd1 Nde6 22. Bb4 Qe7 23. Nd3 Bxb4 24. Nxb4 Rc8 25. Rc1 Qd6 26. Qxh7 Qd2 27. Qc2
Rd8 28. h4 f5 29. Qxd2 Rxd2 30. Rc2 Rd1+ 31. Kh2 f4 32. Bf3 Rd6 33. Kg2 Ne8 34.
Bg4 N6c7 35. exf4 exf4 36. Re2 Nf6 37. Bf5 Nb5 38. gxf4 Nd4 39. Re5 Nh5 40. Bg4
Nxf4+ 41. Kg3 Rf6 42. Nd5 Nxd5 43. Rxd5 Nc2 44. h5 Rb6 45. Rd7 Rxb2 46. Rxg7
Rb3+ 47. Kh4 Ne1 48. h6 Ng2+ 49. Kg5 Rb5+ 50. Bf5 Nh4 51. Kxh4 Rxf5 52. h7 1-0

[Event "Regional Sudeste 2011"]
[Site "Sao Paulo"]
[Date "2011.09.22"]
[Round "4.7"]
[White "Brito, Luismar"]
[Black "Goncalves, Ivan Mesquita V"]
[Result "1/2-1/2"]
[WhiteElo "2278"]
[BlackElo "2052"]
[PlyCount "24"]
[EventDate "2011.09.22"]

1. b3 Nf6 2. Bb2 e6 3. c4 b6 4. Nf3 Bb7 5. g3 Be7 6. Bg2 O-O 7. O-O c5 8. Nc3
d5 9. cxd5 Nxd5 10. Nxd5 Bxd5 11. d3 Bf6 12. Qc2 Nd7 1/2-1/2

[Event "Regional Sudeste 2011"]
[Site "Sao Paulo"]
[Date "2011.09.22"]
[Round "4.8"]
[White "Deus Filho, Joaquim De"]
[Black "Quintiliano Pinto, Renato R"]
[Result "0-1"]
[WhiteElo "2105"]
[BlackElo "2277"]
[PlyCount "32"]
[EventDate "2011.09.22"]

1. e4 c5 2. Nc3 Nc6 3. g3 g6 4. Bg2 Bg7 5. d3 Rb8 6. Be3 d6 7. Qd2 b5 8. Nge2
Nd4 9. Nc1 Bg4 10. h3 Nf3+ 11. Bxf3 Bxf3 12. O-O b4 13. N3e2 Qc8 14. Kh2 Bxb2
15. Rb1 Bg7 16. Ng1 Bc3 0-1

[Event "Regional Sudeste 2011"]
[Site "Sao Paulo"]
[Date "2011.09.22"]
[Round "4.9"]
[White "Gazola, Vanessa Ramos"]
[Black "Abdalla, Luiz Guilherme Aure"]
[Result "1/2-1/2"]
[WhiteElo "2054"]
[BlackElo "2241"]
[PlyCount "38"]
[EventDate "2011.09.22"]

1. d4 Nf6 2. c4 e6 3. Nf3 c5 4. d5 exd5 5. cxd5 d6 6. Nc3 g6 7. h3 Bg7 8. e4
O-O 9. Bd3 a6 10. a4 Re8 11. O-O Nfd7 12. Bf4 Ne5 13. Nxe5 Bxe5 14. Bxe5 Rxe5
15. f4 Re8 16. Kh1 Nd7 17. Qf3 Rb8 18. Qg3 Qc7 19. b3 Nf8 1/2-1/2

[Event "Regional Sudeste 2011"]
[Site "Sao Paulo"]
[Date "2011.09.22"]
[Round "4.10"]
[White "Garkauskas, Otto Dmitry"]
[Black "Lebredo Zaragoitia, Gerardo"]
[Result "1-0"]
[WhiteElo "2050"]
[BlackElo "2240"]
[PlyCount "73"]
[EventDate "2011.09.22"]

1. d4 Nf6 2. c4 e6 3. Nc3 Bb4 4. e3 O-O 5. Nge2 d5 6. a3 Bxc3+ 7. Nxc3 b6 8.
cxd5 exd5 9. Bd3 a5 10. O-O Ba6 11. Qe2 Re8 12. Rd1 Bxd3 13. Qxd3 c6 14. Bd2
Nbd7 15. f3 c5 16. Be1 c4 17. Qf5 Rxe3 18. Nxd5 Nxd5 19. Qxd5 Rc8 20. Rac1 Qe8
21. Bf2 Nf6 22. Qf5 Qe6 23. Qg5 Re2 24. d5 h6 25. dxe6 hxg5 26. exf7+ Kxf7 27.
Bxb6 Rxb2 28. Bxa5 Kg6 29. Rd4 Ra2 30. Bb4 c3 31. Rd3 Re8 32. Rdxc3 Ree2 33.
Bd6 Rxg2+ 34. Kh1 Nd5 35. Rc6 Kh5 36. Bg3 Rgd2 37. Ra6 1-0

[Event "Regional Sudeste 2011"]
[Site "Sao Paulo"]
[Date "2011.09.22"]
[Round "4.12"]
[White "Goncalves, Jorge Roberto"]
[Black "Borges, Guilherme Deola"]
[Result "1-0"]
[WhiteElo "2042"]
[BlackElo "2176"]
[PlyCount "165"]
[EventDate "2011.09.22"]

1. d4 d5 2. e3 Nc6 3. f4 Nf6 4. Nf3 Bf5 5. Bd3 g6 6. O-O Bg7 7. Ne5 h5 8. Bb5
Bd7 9. Nxd7 Qxd7 10. c3 Ne4 11. Nd2 Nd6 12. Bd3 e6 13. b3 O-O-O 14. a4 Nf5 15.
Qf3 Rdg8 16. Bb2 Bf6 17. e4 Nh6 18. b4 g5 19. f5 exf5 20. exd5 Ne7 21. c4 g4
22. Qd1 h4 23. Nb3 h3 24. Nc5 Qd6 25. g3 Bh4 26. Qe1 b6 27. Na6 f4 28. c5 Qxd5
29. Be4 fxg3 30. hxg3 Qb3 31. Bc3 f5 32. cxb6 axb6 33. Ba8 Bg5 34. d5 Qc2 35.
d6 Rg6 36. dxe7 Re8 37. Be5 Rxe7 38. Qc3 Qxc3 39. Bxc3 Be3+ 40. Kh1 f4 41. Rad1
Nf5 42. Be1 f3 43. Bxf3 gxf3 44. Rxf3 Nd6 45. Rf8+ Ne8 46. b5 Bh6 47. Rh8 Re2
48. Bf2 Rge6 49. Bg1 Ra2 50. Nb4 Rxa4 51. Nc6 Ra8 52. Kh2 Bg7 53. Rg8 Bf6 54.
Kxh3 Kb7 55. Bd4 Be7 56. Rd3 Nd6 57. Rxa8 Kxa8 58. Ra3+ Kb7 59. Ra7+ Kc8 60.
Ra8+ Kd7 61. Ne5+ Rxe5 62. Bxe5 Nxb5 63. g4 Ke6 64. Bb2 Nd6 65. Rb8 Nc4 66. Bc1
Ne5 67. Bf4 Bd6 68. Rb7 Kd5 69. g5 Kc6 70. Rb8 Nd7 71. Bxd6 Nxb8 72. g6 Nd7 73.
Be7 Ne5 74. g7 Ng6 75. Bf6 Nf4+ 76. Kg4 Nd5 77. Kg5 Kc5 78. g8=Q b5 79. Qf8+
Kc4 80. Be5 c5 81. Qf1+ Kb4 82. Bd6 Nb6 83. Qb1+ 1-0

[Event "Regional Sudeste 2011"]
[Site "Sao Paulo"]
[Date "2011.09.22"]
[Round "4.13"]
[White "Guimaraes, Artemis Pamela"]
[Black "Feliciano Ebert, Vanessa"]
[Result "1/2-1/2"]
[WhiteElo "2016"]
[BlackElo "2173"]
[PlyCount "49"]
[EventDate "2011.09.22"]

1. e4 c5 2. Nf3 Nc6 3. Bb5 g6 4. O-O Bg7 5. c3 Nf6 6. Re1 O-O 7. h3 e5 8. a3 d5
9. exd5 Nxd5 10. Bxc6 bxc6 11. Nxe5 Re8 12. d4 Bb7 13. b4 cxd4 14. cxd4 a5 15.
Bb2 axb4 16. axb4 Rxa1 17. Bxa1 Qb6 18. Nd7 Rxe1+ 19. Qxe1 Qd8 20. Nc5 Bc8 21.
Na3 Nf4 22. Qe4 Nd5 23. Qe1 Nf4 24. Qe4 Nd5 25. Qe1 1/2-1/2

[Event "Regional Sudeste 2011"]
[Site "Sao Paulo"]
[Date "2011.09.22"]
[Round "4.14"]
[White "Branchini, Fernando Luis Sakam"]
[Black "Fernandez, Maria Florencia"]
[Result "1-0"]
[WhiteElo "1953"]
[BlackElo "2152"]
[PlyCount "55"]
[EventDate "2011.09.22"]

1. e4 c5 2. Nc3 Nc6 3. g3 g6 4. f4 Bg7 5. Nf3 d6 6. Bg2 e6 7. O-O Nge7 8. d3
Rb8 9. Be3 Nd4 10. Rb1 Qa5 11. a3 b5 12. Ne2 Nxf3+ 13. Bxf3 O-O 14. e5 Nf5 15.
Bf2 dxe5 16. Bxc5 exf4 17. Bxf8 Qb6+ 18. Kh1 Kxf8 19. Qd2 Ne3 20. Rfe1 Bb7 21.
Ng1 Bxf3+ 22. Nxf3 Qc6 23. Qb4+ Kg8 24. Qxf4 Bh6 25. Qxb8+ Kg7 26. Rxe3 Qxc2
27. Rbe1 Bxe3 28. Qe5+ 1-0

[Event "Regional Sudeste 2011"]
[Site "Sao Paulo"]
[Date "2011.09.22"]
[Round "4.15"]
[White "Rezende, Guilherme Vilela"]
[Black "Costa, Giovanni"]
[Result "1-0"]
[WhiteElo "2060"]
[BlackElo "1898"]
[PlyCount "49"]
[EventDate "2011.09.22"]

1. d4 Nf6 2. c4 g6 3. Nc3 d5 4. Nf3 Bg7 5. Qb3 dxc4 6. Qxc4 O-O 7. e4 Nbd7 8.
Bf4 c6 9. Be2 Nb6 10. Qb4 Bg4 11. Rd1 Nh5 12. Bg5 Bf6 13. Bh6 Re8 14. h3 Bxf3
15. Bxf3 e6 16. Bxh5 gxh5 17. Qc5 h4 18. Qh5 Bg7 19. e5 Bxh6 20. Qxh6 Kh8 21.
Ne4 Nd5 22. Ng5 Qxg5 23. Qxg5 Rg8 24. Qxh4 Rxg2 25. Rd3 1-0

[Event "Regional Sudeste 2011"]
[Site "Sao Paulo"]
[Date "2011.09.22"]
[Round "4.16"]
[White "Ferreira, Jonas De Vargas"]
[Black "Marra, Eduardo Da Costa"]
[Result "0-1"]
[WhiteElo "1794"]
[BlackElo "2293"]
[PlyCount "72"]
[EventDate "2011.09.22"]

1. e4 c5 2. Nf3 Nc6 3. d4 cxd4 4. Nxd4 g6 5. Nc3 Bg7 6. Be3 Nf6 7. Nxc6 bxc6 8.
e5 Ng8 9. Bd4 c5 10. Bxc5 Qc7 11. Bd4 Bxe5 12. Bxe5 Qxe5+ 13. Be2 Rb8 14. Rb1
Rxb2 15. Qd2 Rxb1+ 16. Nxb1 Ba6 17. Nc3 Bxe2 18. Nxe2 Nf6 19. O-O O-O 20. Rb1
Rc8 21. h3 Qc5 22. c3 Kg7 23. Rb3 Rc7 24. Qf4 e5 25. Qf3 d5 26. Qg3 Re7 27. Qf3
Ne4 28. Rb2 Rc7 29. Rc2 f5 30. Ng3 Nd6 31. Qe2 e4 32. Qe3 Qxe3 33. fxe3 Kf6 34.
Ne2 Ke5 35. Rb2 Nc4 36. Rb5 Nxe3 0-1

[Event "Regional Sudeste 2011"]
[Site "Sao Paulo"]
[Date "2011.09.22"]
[Round "4.18"]
[White "Nunes, Allan Hurba"]
[Black "Aoyama, Edmundo"]
[Result "1-0"]
[WhiteElo "2021"]
[BlackElo "1925"]
[PlyCount "89"]
[EventDate "2011.09.22"]

1. d4 d6 2. Nf3 g6 3. c4 Bg7 4. e4 Nd7 5. Nc3 c5 6. Be2 cxd4 7. Nxd4 Ngf6 8.
Be3 O-O 9. O-O Nc5 10. f3 b6 11. b4 Ne6 12. Nd5 Bb7 13. Rc1 Qd7 14. Qd3 Rfc8
15. Nb5 Ba6 16. a4 Ne8 17. Nxa7 Qxa7 18. Nxb6 Qb8 19. a5 Rc7 20. Nxa8 Qxa8 21.
Bb6 Rd7 22. Bd1 N8c7 23. Ba4 Rd8 24. b5 Bb7 25. a6 Bxa6 26. bxa6 Qxa6 27. Bxc7
Qa7+ 28. Kh1 Qxc7 29. Qd5 Qa7 30. Bc6 Rb8 31. f4 Bh6 32. g3 Qe3 33. Rce1 Qc3
34. Bb5 Bg7 35. f5 Nc7 36. Qc6 Qa5 37. fxg6 hxg6 38. Qd7 Bf6 39. Bc6 Rb2 40.
Rb1 Rc2 41. Rb8+ Kg7 42. Qc8 Rxh2+ 43. Kxh2 Qd2+ 44. Kh1 Qh6+ 45. Kg2 1-0

[Event "Regional Sudeste 2011"]
[Site "Sao Paulo"]
[Date "2011.09.22"]
[Round "4.20"]
[White "Terao, Juliana Sayumi"]
[Black "Caceres, Elton Carlos"]
[Result "1-0"]
[WhiteElo "2152"]
[BlackElo "1830"]
[PlyCount "113"]
[EventDate "2011.09.22"]

1. e4 d5 2. exd5 Qxd5 3. Nc3 Qa5 4. d4 c6 5. Bc4 Nf6 6. Nge2 Bg4 7. f3 Bh5 8.
O-O e6 9. Ng3 Bg6 10. f4 Bd6 11. Qe2 Qc7 12. Nce4 Bxe4 13. Nxe4 Nxe4 14. Qxe4
Nd7 15. Bd3 Nf6 16. Qf3 O-O 17. Kh1 Rfd8 18. b3 b6 19. c4 c5 20. Bb2 cxd4 21.
Bxd4 e5 22. Bb2 Re8 23. Rae1 Nd7 24. Qh3 g6 25. Be4 Rad8 26. f5 Be7 27. fxg6
hxg6 28. Rxf7 Kxf7 29. Qh7+ Ke6 30. Qxg6+ Bf6 31. Bd5+ Kd6 32. Ba3+ Nc5 33.
Qxf6+ Kd7 34. Qf5+ Ne6 35. Qf7+ Kc8 36. Bxe6+ Kb8 37. Qxc7+ Kxc7 38. Bd5 e4 39.
Bc1 Rd7 40. Bf4+ Kd8 41. Bc6 Rde7 42. Bxe8 Rxe8 43. h4 Kd7 44. Kg1 Re6 45. Kf2
Ke7 46. Ke3 Kf6 47. g4 Re8 48. Rd1 b5 49. c5 b4 50. c6 a5 51. c7 Rg8 52. Rd8
Rxg4 53. c8=Q a4 54. Qc6+ Kg7 55. Rd7+ Kh8 56. Qc8+ Rg8 57. Be5# 1-0

[Event "Regional Sudeste 2011"]
[Site "Sao Paulo"]
[Date "2011.09.22"]
[Round "4.21"]
[White "Cruz, Cesar Fernando Dos"]
[Black "Dias, Joao Batista"]
[Result "0-1"]
[WhiteElo "1823"]
[BlackElo "2023"]
[PlyCount "146"]
[EventDate "2011.09.22"]

1. Nf3 d5 2. d4 g6 3. Nbd2 Bg7 4. g3 Nf6 5. Bg2 O-O 6. O-O Re8 7. Re1 Nbd7 8.
c4 c6 9. cxd5 cxd5 10. Qb3 Qa5 11. Qc3 Qb6 12. Qb3 Qd6 13. Nf1 Nh5 14. Bd2 Nb6
15. Bb4 Qd8 16. Ba5 Nf6 17. Ne5 Be6 18. e3 Qd6 19. Bb4 Qd8 20. Ba5 Ne4 21. Nd3
Rc8 22. Rec1 Qd6 23. Bb4 Qb8 24. Rxc8 Bxc8 25. a4 e6 26. Rc1 Bd7 27. a5 Nc8 28.
Nc5 Nxc5 29. Rxc5 b6 30. axb6 Nxb6 31. Bc3 a6 32. Nd2 Bb5 33. Ba5 Bf8 34. Bxb6
Qxb6 35. Rc1 Rb8 36. Qc2 Bd6 37. b3 Bb4 38. Nf3 Ba3 39. Ra1 Bd6 40. h4 Bd7 41.
Qa2 Ra8 42. Bf1 a5 43. Be2 Bb4 44. Ne5 Be8 45. Rc1 Rb8 46. Bd1 Bd6 47. Nd3 Qb5
48. Qc2 Bd7 49. Qe2 Qb6 50. Nc5 Bb5 51. Qg4 Kg7 52. h5 Be7 53. Qf4 Qd6 54. Qg4
f5 55. Qf3 g5 56. g4 Rf8 57. Bc2 fxg4 58. Qxg4 Bd7 59. Kg2 Bc8 60. h6+ Kh8 61.
Qh5 e5 62. Nd3 exd4 63. exd4 Qf6 64. Qe2 Bd6 65. Ne5 Qf4 66. Rh1 Qxd4 67. Nf3
Qg4+ 68. Kf1 Qxf3 69. Qxf3 Rxf3 70. Kg2 Rf8 71. Rd1 Bc5 72. f3 g4 73. f4 Rxf4
0-1

[Event "Regional Sudeste 2011"]
[Site "Sao Paulo"]
[Date "2011.09.22"]
[Round "4.22"]
[White "Abdalla, Jose Lucas Aurelli"]
[Black "De Oliveira, Francemir Barra"]
[Result "1-0"]
[WhiteElo "2014"]
[BlackElo "1796"]
[PlyCount "71"]
[EventDate "2011.09.22"]

1. e4 e6 2. d3 c5 3. Nf3 Be7 4. g3 Nf6 5. Bg2 d6 6. O-O Nbd7 7. Re1 e5 8. Nh4
g6 9. Nc3 Nb6 10. f4 Bg4 11. Nf3 Qd7 12. a4 h5 13. a5 Nc8 14. fxe5 Bxf3 15.
Qxf3 dxe5 16. Bg5 Ng4 17. Bd2 Nd6 18. Nd5 O-O-O 19. b4 Nb5 20. Qxf7 Rde8 21. c3
cxb4 22. Nxe7+ Rxe7 23. Qc4+ Kb8 24. Qxb4 h4 25. gxh4 Ree8 26. Bg5 Qxd3 27. h3
Nxc3 28. hxg4 Ne2+ 29. Rxe2 Qxe2 30. a6 Rh7 31. Qd6+ Ka8 32. Qxg6 Rhh8 33.
axb7+ Kxb7 34. Qf7+ Kc6 35. Rc1+ Kb6 36. Qc7+ 1-0